| 000 -LEADER |
| fixed length control field |
00649cam a2200229 a 4500 |
| 020 ## - INTERNATIONAL STANDARD BOOK NUMBER |
| ISBN |
9780077402327 (hard copy : alk. paper) |
| 020 ## - INTERNATIONAL STANDARD BOOK NUMBER |
| ISBN |
0077402324 (hard copy : alk. paper) |
| 040 ## - CATALOGING SOURCE |
| Transcribing agency |
DLC |
| 082 00 - DEWEY DECIMAL CLASSIFICATION NUMBER |
| Classification number |
620 MCG 2013 A113 Or. |
| 100 1# - MAIN ENTRY--AUTHOR NAME |
| Personal name |
Beer, Ferdinand P. |
| 245 10 - TITLE STATEMENT |
| Title |
Vector mechanics for engineers. |
| 250 ## - EDITION STATEMENT |
| Edition statement |
10th ed. |
| 260 ## - PUBLICATION, DISTRIBUTION, ETC. (IMPRINT) |
| Place of publication |
New York : |
| Name of publisher |
McGraw-Hill, |
| Year of publication |
c2013. |
| 300 ## - PHYSICAL DESCRIPTION |
| Number of Pages |
1315 [63] p. : |
| Other physical details |
col. ill. ; |
| Dimensions |
27 cm. |
| 500 ## - GENERAL NOTE |
| General note |
Includes index. |
| 650 #0 - SUBJECT ADDED ENTRY--TOPICAL TERM |
| Topical Term |
Dynamics. |
| 650 #0 - SUBJECT ADDED ENTRY--TOPICAL TERM |
| Topical Term |
Vector analysis. |
| 650 #0 - SUBJECT ADDED ENTRY--TOPICAL TERM |
| Topical Term |
Mechanics, Applied. |
| 700 1# - ADDED ENTRY--PERSONAL NAME |
| Personal name |
Johnston, E. Russell |
| 700 1# - ADDED ENTRY--PERSONAL NAME |
| Personal name |
Cornwell, Phillip J. |
| 942 ## - ADDED ENTRY ELEMENTS (KOHA) |
| Koha item type |
សៀវភៅភាសាអង់គ្លេស |
| 952 ## - LOCATION AND ITEM INFORMATION (KOHA) |
| Withdrawn status [LOCAL, KOHA] |
0 |
| 952 ## - LOCATION AND ITEM INFORMATION (KOHA) |
| Withdrawn status [LOCAL, KOHA] |
0 |